000
00323nam a2200109Ia 4500
008
171211s9999 xx 000 0 und d
245
_a
From Catharine Beecher to Martha Stewart
245
_c
Sarah A. Leavitt
260
_c
2002
650
_x
Politics and Sociology
856
_u
http://down.ebook777.com/063/9780807827024.pdf
999
_c
348778
_d
348778